Szczegóły MARC21

Biegiem przez życie /

003 -Nazwa inst., której nr kontr. jest w polu 001 [,]
    • @
    • Nazwa instytucji, której n kontrolny jest w polu 001
    • NUKAT
005 -DATA I CZAS OSTATNIEJ MODYFIKACJI [,]
    • @
    • pole kontrolne
    • 20241231112533.0
020 -Międzynarod. znormalizowany nr książki - ISBN [ , ]
    • a
    • Numer ISBN
    • 9788391740583 Find
040 -Instytucja sporządzająca opis [ , ]
    • a
    • Instytucja, która sporządziła opis (NP)
    • KR U/MSo
    • c
    • Instytucja, która sporządziła rekord (NP)
    • KR U/MSo
    • d
    • Instytucja, która zmodyfikowała rekord (P)
    • KR U/MSos
942 -Rodzaj dokumentu [ , ]
    • c
    • Rodzaj dokumentu
    • Książka
100 -Hasło główne - nazwa osobowa [1, ]
    • a
    • Nazwa osobowa (NP)
    • Skarżyński, Jerzy
    • c
    • Dopowiedzenie inne niż daty biograficzne (P)
    • (sport ;
    • d
    • Daty biograficzne (NP)
    • 1956- ).
    • 9
    • KHW
    • 412524
245 -Strefa tytułu i oznaczenia odpowiedzialności [1,0]
    • a
    • Tytuł
    • Biegiem przez życie / Find
    • c
    • Pozostałe elementy strefy tytułu i oznaczenia odpowiedzialności (NP)
    • Jerzy Skarżyński.
250 -Strefa wydania [ , ]
    • a
    • Oznaczenie wydania (NP)
    • Wyd. 5., popr., uaktual. i rozsz.
260 -Strefa adresu wydawniczego [ , ]
    • a
    • Miejsce wydania (P)
    • Szczecin :
    • b
    • Nazwa wydawcy (P)
    • Mega Sport,
    • c
    • Data wydania (P)
    • 2015.
300 -Strefa opisu fizycznego [ , ]
    • a
    • Określenie formy książki i/lub objętość (NP)
    • 520 s. :
    • b
    • Oznaczenie ilustracji (NP)
    • il. ;
    • c
    • Format (NP)
    • 24 cm.
336 -Typ zawartości [ , ]
    • a
    • Termin opisujący typ zawartości
    • Tekst
    • b
    • Kod określający zawartość
    • txt
    • 2
    • Źródło (terminu i kodu)
    • rdacontent
337 -Typ mediów [ , ]
    • a
    • Tryb odtwarzania
    • Bez urządzenia pośredniczącego
    • b
    • Kod typu mediów
    • n
    • 2
    • Źródło (terminu i kodu)
    • rdamedia
338 -Typ/rodzaj nośnika [ , ]
    • a
    • Hasło opisujące typ nośnika
    • Wolumin
    • b
    • Kod typu nośnika
    • nc
    • 2
    • Źródło (terminu i kodu)
    • rdacarrier
504 -Uwaga dot. bibliogr. załącznikowej [ , ]
    • a
    • Uwaga dot. bibliografii załącznikowej
    • Bibliogr.s. 515.
650 -Hasło przedmiotowe [ ,7]
    • a
    • Hasło przedmiotowe
    • Sportowcy
    • x
    • Określnik rzeczowy
    • żywienie
    • v
    • Określnik formalny
    • poradniki.
    • 2
    • Źródło terminu
    • kaba
    • 9
    • KHW
    • 371730
650 -Hasło przedmiotowe [ ,7]
    • a
    • Hasło przedmiotowe
    • Styl życia
    • x
    • Określnik rzeczowy
    • aspekt zdrowotny.
    • 2
    • Źródło terminu
    • kaba
    • 9
    • KHW
    • 370224
650 -Hasło przedmiotowe [ ,7]
    • a
    • Hasło przedmiotowe
    • Bieg (lekkoatletyka)
    • x
    • Określnik rzeczowy
    • aspekt fizjologiczny.
    • 2
    • Źródło terminu
    • kaba
    • 9
    • KHW
    • 350418
650 -Hasło przedmiotowe [ ,7]
    • a
    • Hasło przedmiotowe
    • Bieg (lekkoatletyka)
    • v
    • Określnik formalny
    • poradniki.
    • 2
    • Źródło terminu
    • kaba
    • 9
    • KHW
    • 376810
650 -Hasło przedmiotowe [ ,7]
    • a
    • Hasło przedmiotowe
    • Bieg (lekkoatletyka)
    • x
    • Określnik rzeczowy
    • trening.
    • 2
    • Źródło terminu
    • kaba
    • 9
    • KHW
    • 350419
920 -ISBN [ , ]
    • a
    • ISBN
    • 978-83-917405-8-3 Find
Status udost. Sygnatura Numer inwentarzowy Data inwentaryzacji Lokalizacja
1Rekreacja - bieganie 08WF.100162017-05-09BM